Регионална библиотека "Любен Каравелов" - Русе

Да изградим свободна, независима и социалистическа Ангола (Запис номер 480990)

MARC детайли
000 -Лидер
Контролно поле с фиксирана дължина nam a22 a 4500
003 - Код на организацията, давaща контролен номер
Контролно поле BLK
005 - Дата и час на последна редакция
Контролно поле 20221121120352.0
008 - Елементи от данни с фиксирана дължина
fixed length control field 221121b bu |||||r|||| 00| | bu d
040 ## - Източник на каталожния запис
Идентификатор на билиотеката - собственик на записа BLK
041 ## - Код за език
Код за езика на текст/звукозапис или на отделно заглавие Български
Код за езика КДБФ Български
080 ## - УДК
Текстов определител УДК Колониално управление. Вътрешна политика в колониите. Вж и 308;914/919
УДК код - определител по УДК 325.4
УДК определител (673)
УДК - код + определител 325.4(673)
100 ## - Редна дума - Автор
R(LIN) 1299
Автор Нето, Агустиньо
Авторска отговорност първи автор
139 ## - Редно поле
Редна дума Нето, Агустиньо
245 ## - Сведения за заглавието
Заглавие Да изградим свободна, независима и социалистическа Ангола
Подзаглавни данни Сб. речи, статии и интервюта
Редно поле (дума) Агостино Нето ; Прев. от португ. Татяна Липова, Ани Друмева
260 ## - Област на издателските данни
9 (RLIN) 211414
Място на издаване, разпространение и проч. София
Име на издателя, разпространителя и проч. Партиздат
Година на издаване 1978
300 ## - Физическа характеристика
Страници 368 с.
Илюстрации и др. 1 портр.
Размери/Мащаб 21 см
380 ## - Жанр
Жанр Обществени науки
490 ## - СЕРИИ (Колекции)
9 (RLIN) 205821
Име на серия Политически дейци на нашето време
500 ## - Общи забележки
Забележка 1 310 тир.
650 #0 - Допълнително описание по предмет – тема
9 (RLIN) 325384
Основно описание – тема или топоним Революционни, национални и народоосвободителни движения - Африка
651 #7 - Допълнително описание по предмет - топоним
9 (RLIN) 178533
Географско понятие Ангола
700 ## - Други автори (авторска отговорност)
9 (RLIN) 1116
Лично име Липова, Татяна Атанасова
Автороска отговорност (Описва отношението между автора и произведението) прев. от португ.
700 ## - Други автори (авторска отговорност)
9 (RLIN) 1116
Лично име Друмева, Ани Константинова
Автороска отговорност (Описва отношението между автора и произведението) прев. от португ.
852 ## - Местоположение
Форматна сигнатура Цб 95517
Фондова буква Хранилище
856 ## - Електронен адрес и достъп
Инструкция (цена за достъп) 0.00
Права за достъп disable
999 ## - СИСТЕМНИ КОНТРОЛНИ НОМЕРА
Koha biblionumber 480990
Koha biblioitemnumber 480990
942 ## - АРТИКУЛИ
Вид на библиотечния материал Книги
Скрит в OPAC Не
Периодичен библиозапис Да
944 ## - СЪЗДАВАНЕ И РЕДАКЦИЯ на ЗАПИСА
Създаване/Редакция Създаване
Дата на регистрацията/редакция 2022-11-21
Служител, извършил регистрацията/редакцията ВЙ
Наличности
Код за отписване Код за изгубен артикул Източник на класификационната схема Код за повреда Коз за рестрикции Код за отдаване Артикулен № Име на библиотеката - собственик Име на библиотеката, в която се намира в момента Статус (Текущо местоположение) Дата на вписване в системата Местоположение - отдел Цена в лева Инвентарен номер Систематично азбучна сигнатура Баркод Цена в евро Служебен тип на артикула
  Не е изгубен Universal Decimal Classification Не е повреден само за читалня ползва се в читалня 913879 Регионална библиотека "Любен Каравелов" Русе Регионална библиотека "Любен Каравелов" Русе Хранилище 2022-11-24 Хранилище 1.73 270656 Цб 95517 120000270656 0.88 Книги
Vip Innovations Ltd, Rousse, Bulgaria 2025